000 00473nam a2200181Ia 4500
005 20250326125800.0
008 250326s9999 xx 000 0 und d
037 _aTextbook
040 _aFMSL
_beng
_cFMSL
041 _aeng
_2eng
084 _aX:51 N6
_qFMSL
100 _aGRAVES
_9739680
245 0 _aCreating consumers
_cGraves; Compbell
260 _aSydney
_bSydney, West
_c1966
300 _a282p
942 _cTB
_hX:51 N6
999 _c1279546
_d1279546